书目信息 |
| 题名: |
心包经、三焦经疾病的自然疗法
|
|
| 作者: | 张德记, 著 | |
| 分册: | ||
| 出版信息: | 北京 中医古籍出版社 2017 |
|
| 页数: | 245页 | |
| 开本: | 24cm | |
| 丛书名: | 金口诀自然医学系列丛书 | |
| 单 册: | ||
| 中图分类: | R224.1 | |
| 科图分类: | ||
| 主题词: | 手厥阴心包经--shou jue yin xin bao jing--疾病--自然疗法 , 手少阳三焦经--shou shao yang san jiao jing--疾病--自然疗法 | |
| 电子资源: | ||
| ISBN: | 978-7-5152-1281-4 | |
| 000 | 01214nam 2200289 450 | |
| 001 | 012001000562 | |
| 005 | 20131106114832.0 | |
| 010 | @a978-7-5152-1281-4@dCNY46.00 | |
| 099 | @aCAL 012017131990 | |
| 100 | @a20170821d2017 em y0chiy50 ea | |
| 101 | 0 | @achi |
| 102 | @aCN@b110000 | |
| 105 | @aa z 000yy | |
| 106 | @ar | |
| 200 | 1 | @a心包经、三焦经疾病的自然疗法@Axin bao jing 、 san jiao jing ji bing de zi ran liao fa@f张德记著 |
| 210 | @a北京@c中医古籍出版社@d2017 | |
| 215 | @a245页@c图@d24cm | |
| 225 | 2 | @a金口诀自然医学系列丛书@Ajin kou jue zi ran yi xue xi lie cong shu |
| 314 | @a张德记, 曾任中国人民解放军军事统筹学会谋略研究中心主任研究员。 | |
| 330 | @a本书共分为心包病 ; 三焦病两部分, 其主要内容包括: 借自然医学分析研究心包病 ; 借自然医学 (子午流注补泻) 防与治心包病 ; 借自然医学 (经穴) 补泻与防治心包病 ; 借自然医学立体运动补泻与防治心包病等。 | |
| 410 | 0 | @12001 @a金口诀自然医学系列丛书 |
| 606 | 0 | @a手厥阴心包经@Ashou jue yin xin bao jing@x疾病@x自然疗法 |
| 606 | 0 | @a手少阳三焦经@Ashou shao yang san jiao jing@x疾病@x自然疗法 |
| 690 | @aR224.1@v5 | |
| 701 | 0 | @a张德记,@Azhang de ji@f1959-@4著 |
| 801 | 0 | @aCN@b北京卓展文化@c20191020 |
| 905 | @b1196380-4@dR224.1@e483@f5 | |
| 心包经、三焦经疾病的自然疗法/张德记著.-北京:中医古籍出版社,2017 |
| 245页:图;24cm.-(金口诀自然医学系列丛书) |
| ISBN 978-7-5152-1281-4:CNY46.00 |
| 本书共分为心包病 ; 三焦病两部分, 其主要内容包括: 借自然医学分析研究心包病 ; 借自然医学 (子午流注补泻) 防与治心包病 ; 借自然医学 (经穴) 补泻与防治心包病 ; 借自然医学立体运动补泻与防治心包病等。 |
| ● |
| 相关链接 |
|
|
|
|
正题名:心包经、三焦经疾病的自然疗法
索取号:R224.1/483
 
预约/预借
| 序号 | 登录号 | 条形码 | 馆藏地/架位号 | 状态 | 备注 |
| 1 | 1196380 | 211963801 | 第二样本阅览室/ [索取号:R224.1/483] | 在馆 | |
| 2 | 1196381 | 211963810 | 第三借阅区/ [索取号:R224.1/483] | 在馆 | |
| 3 | 1196382 | 211963829 | 第三借阅区/ [索取号:R224.1/483] | 在馆 | |
| 4 | 1196383 | 211963838 | 第三借阅区/ [索取号:R224.1/483] | 在馆 | |
| 5 | 1196384 | 211963847 | 第三借阅区/ [索取号:R224.1/483] | 在馆 |